Best 100 Male Soccer Player - Statistics

General Stats
  • This quiz has been taken 71 times
  • The average score is 56 of 100
Answer Stats
Top Club Post Market Value Player % Correct
4 Real Madrid ST 200M K.Mbappé
98%
6 Manchester City ST 200M E.Haaland
93%
2 FC Barcelona RW 200M L.Yamal
93%
5 Bayern Munich ST 65M H.Kane
91%
34 Inter Miami RW 15M L.Messi
91%
1 PSG ST 100M O.Dembélé
89%
9 Liverpool RW 30M M.Salah
88%
23 Liverpool CB 18M V.Van Dijk
88%
12 Chelsea CAM 120M C.Palmer
86%
51 Al Nassr ST 12M C.Ronaldo
86%
10 FC Barcelona CM 140M Pedri
86%
15 Arsenal CM 120M D.Rice
84%
13 Manchester City GK 45M G.Donnarumma
84%
18 Real Madrid CAM 160M J.Bellingham
84%
24 FC Barcelona ST 9M R.Lewandowski
84%
7 PSG RB 80M A.Hakimi
80%
26 Arsenal RW 130M B.Saka
79%
78 Aston Villa GK 15M E.Martinez
79%
20 Inter Milan ST 85M L.Martinez
79%
8 FC Barcelona LW 80M Raphinha
79%
3 PSG CDM 110M Vitinha
79%
29 Arsenal CB 75M G.Maghalhães
77%
33 Arsenal CB 90M W.Saliba
77%
36 Liverpool CAM 110M F.Wirtz
75%
25 Athletico Madrid ST 100M J.Alvarez
75%
11 PSG LB 75M N.Mendes
75%
22 Real Madrid LW 150M Vinicius
75%
16 PSG RW 90M D.Doué
73%
30 Real Madrid GK 18M T.Courtois
73%
31 Bayern Munich LW 70M L.Diaz
71%
49 Liverpool GK 17M Alisson
70%
21 Bayern Munich RW 130M M.Olise
70%
14 PSG LW 90M K.Kvaratskhelia
68%
48 Liverpool ST 120M A.Isak
66%
32 Chelsea CDM 110M M.Caicedo
66%
74 Manchester City CDM 75M Rodri
66%
28 Arsenal ST 70M V.Gyokeres
66%
35 Liverpool CM 85M A.Mac Allister
64%
47 Chelsea CM 85M E.Fernandez
61%
27 PSG CM 40M F.Ruiz
61%
50 Bayern Munich CM 40M J.Kimmich
61%
17 PSG CM 110M J.Neves
61%
19 Napoli CM 45M S.Mctominay
61%
53 PSG LW 70M B.Barcola
59%
67 Liverpool ST 85M H.Ekitike
59%
41 Liverpool CDM 90M R.Gravenberch
59%
55 Manchester United CAM 40M B.Fernandes
57%
37 Real Madrid CM 120M F.Valverde
57%
76 Chelsea ST 65M J.Pedro
57%
73 Napoli CAM 15M K.De Bruyne
57%
42 PSG CB 30M Marquinhos
57%
94 Bayern Munich GK 4M M.Neuer
57%
43 Bayern Munich CAM 130M Musiala
57%
58 Arsenal GK 35M D.Raya
55%
44 PSG CB 70M W.Pacho
55%
65 Inter Milan ST 60M M.Thuram
54%
54 Inter Milan CB 80M A.Bastoni
52%
61 Manchester City CAM 80M P.Foden
52%
98 Real Madrid RB 70M T.Alexander-Arnold
52%
62 Inter Milan CM 60M N.Barella
50%
84 Manchester City CB 60M R.Dias
50%
39 Borussia Dortmund ST 40M S.Guirassy
50%
72 Manchester City CAM 27M B.Silva
46%
80 FC Barcelona RB 65M J.Kounde
45%
57 Athletic Bilbao LW 60M N.Williams
45%
68 FC Barcelona CB 80M P.Cubarsi
45%
64 Inter Milan GK 2.5M Y.Sommer
45%
60 FC Barcelona CM 45M F.De Jong
43%
91 AC Milan LW 70M R.Leao
43%
100 Athletico Madrid ST 11M A.Griezmann
41%
63 Chelsea LB 50M M.Cucurella
41%
88 Bornemouth RW 65M A.Semenyo
39%
69 Newcastle CDM 75M B.Guimaraes
39%
56 Arsenal CAM 65M E.Eze
39%
96 Totenham CB 65M M.Van de Ven
39%
85 Bayer Leverkusen LB 24M A.Grimaldo
38%
75 Manchester City LW 65M J.Doku
38%
95 Marseille LW 50M M.Greenwood
38%
70 Arsenal CDM 75M M.Zubimendi
38%
40 Inter Milan RW 25M D.Dumfries
36%
86 Como CAM 65M N.Paz
36%
71 Real Madrid CAM 90M A.Guler
34%
77 Manchester United ST 75M B.Mbeumo
34%
38 Liverpool CAM 85 D.Szoboszlai
34%
90 Arsenal CM 30M M.Merino
34%
82 Newcastle ST 70M N.Woltemade
34%
97 Real Betis RW 30M Antony
32%
93 Manchester City CB 70M J.Gvardiol
32%
92 Real Madrid CB 70M D.Huijsen
30%
99 Inter Milan RB 50M F.Dimarco
30%
89 Juventus LW 75M K.Yildiz
30%
66 FC Barcelona CAM 70M F.Lopez
29%
52 Inter Milan CDM 22M H.Calhanoglu
25%
59 Chelsea LW 80M Estevao
23%
46 Galatasaray ST 75M V.Oshimen
21%
79 Manchester City CDM 65M T.Reijnders
20%
83 Napoli CM 25M A.Zombo-Anguissa
18%
81 Real Sociedad ST 25M M.Oyarzabal
18%
87 Flamengo CAM 15M G.de Arrascaeta
9%
45 Arsenal CAM 75M M.Odegaard
5%
No matching quizzes found
Score Distribution
Percent of People with Each Score
Percentile by Number Answered
Your Score History
You have not taken this quiz